000 00582nam a2200193Ia 4500
005 20250326140541.0
008 250326s9999 xx 000 0 und d
020 _a0-385-48258-2
037 _aTextbook
040 _aFMSL
_beng
_cFMSL
041 _aeng
_2eng
084 _aX:81 N6
_qFMSL
100 _aGrove A S
245 0 _aOnly the paranoid survive: how to exploit the crisis points that challenges every company and career
_cGrove A S
260 _aNew York
_bNew York, Doubleday
_c1996
300 _a210p
942 _cTB
_hX:81 N6
999 _c1286272
_d1286272